Filmographie de Danny Boyle - Statistiques

Statistiques générales
  • Ce quiz a été pris 12 fois
  • Le résultat moyen est 8 sur 13
Statistiques - réponses
Hint Réponse % Correct
1996 Trainspotting
100%
2002 28 jours plus tard
75%
2008 Slumdog Millionaire
75%
2007 Sunshine
67%
2017 T2 Trainspotting
67%
2000 La Plage
58%
2015 Steve Jobs
58%
2004 Millions
50%
1994 Petits Meurtres entre amis
50%
2013 Trance
50%
2019 Yesterday
42%
2010 127 Heures
33%
1997 Une vie moins ordinaire
33%
Aucun quiz correspondant
Distribution des résultats
% des personnes avec chaque résultat
Percentile par nombre de réponses
Votre historique - résultats
Vous n’avez pas pris ce quiz